[Event "Tradewise Gibraltar Chess Festival 2013"]
[Site "Gibraltar ENG"]
[Date "2013.01.25"]
[Round "4.65"]
[White "Piasetski, Leon"]
[Black "Van Kemenade, Rudy"]
[Result "1/2-1/2"]
[WhiteElo "2310"]
[BlackElo "2043"]
[PlyCount "82"]
[EventDate "2013.01.22"]
[EventType "swiss"]
[EventRounds "10"]
[EventCountry "ENG"]
[Source "lmi"]
[SourceDate "2013.01.22"]

1. d4 Nf6 2. Nf3 g6 3. c4 Bg7 4. Nc3 O-O 5. e4 d6 6. h3 e5 7. d5 Na6 8. Be3 Nc5
9. Nd2 a5 10. g4 h5 11. Rg1 Bd7 12. Be2 hxg4 13. hxg4 Nh7 14. g5 c6 15. Nb3
cxd5 16. exd5 b6 17. Bg4 Bf5 18. Bxf5 gxf5 19. Qh5 Re8 20. O-O-O Nf8 21. Nxc5
bxc5 22. Qh3 Qd7 23. f4 e4 24. Nb5 a4 25. Bd2 a3 26. Bc3 axb2+ 27. Kb1 Bxc3 28.
Qxc3 Ng6 29. Rh1 Qe7 30. Rd2 Qf8 31. Rdh2 Qg7 32. Qxg7+ Kxg7 33. Rh7+ Kg8 34.
Nxd6 e3 35. Nxe8 Rxe8 36. R7h2 e2 37. Re1 Nxf4 38. Rf2 Re4 39. Rxf4 Rxf4 40.
Rxe2 Rxc4 41. Kxb2 Rd4 1/2-1/2

[Event "Tradewise Gibraltar Chess Festival 2013"]
[Site "Gibraltar ENG"]
[Date "2013.01.25"]
[Round "4.66"]
[White "Bergstrom, Rolf"]
[Black "Novoa, Fernando"]
[Result "1/2-1/2"]
[WhiteElo "2286"]
[BlackElo "2017"]
[PlyCount "55"]
[EventDate "2013.01.22"]
[EventType "swiss"]
[EventRounds "10"]
[EventCountry "ENG"]
[Source "lmi"]
[SourceDate "2013.01.22"]

1. e4 c5 2. Nf3 Nc6 3. Bb5 g6 4. Bxc6 dxc6 5. d3 Bg7 6. h3 e5 7. Nbd2 Qe7 8.
Nc4 f6 9. Be3 Be6 10. O-O Nh6 11. Qd2 Nf7 12. Qa5 Bxc4 13. dxc4 b6 14. Qc3 O-O
15. a3 f5 16. Rad1 f4 17. Bc1 Rad8 18. b3 Rd6 19. Bb2 Rfd8 20. Rxd6 Qxd6 21. a4
a5 22. Re1 g5 23. Re2 Qd1+ 24. Re1 Qd6 25. Re2 Qd1+ 26. Re1 Qd6 27. Re2 Qd1+
28. Re1 1/2-1/2

[Event "Tradewise Gibraltar Chess Festival 2013"]
[Site "Gibraltar ENG"]
[Date "2013.01.25"]
[Round "4.67"]
[White "Garcia Jimenez, Francisco Javi"]
[Black "Gromovs, Sergejs"]
[Result "0-1"]
[WhiteElo "2278"]
[BlackElo "2001"]
[PlyCount "136"]
[EventDate "2013.01.22"]
[EventType "swiss"]
[EventRounds "10"]
[EventCountry "ENG"]
[Source "lmi"]
[SourceDate "2013.01.22"]

1. e4 c5 2. Nc3 Nc6 3. g3 g6 4. Bg2 Bg7 5. d3 e6 6. Be3 d6 7. Nge2 Nge7 8. Qd2
Rb8 9. O-O O-O 10. Bh6 b5 11. Bxg7 Kxg7 12. Rae1 b4 13. Nd1 a5 14. Ne3 a4 15.
f4 f5 16. g4 Nd4 17. gxf5 exf5 18. Nxd4 cxd4 19. Nc4 Qc7 20. Qf2 Qc5 21. Qh4
Ng8 22. Rf2 fxe4 23. Rxe4 Bf5 24. Re1 b3 25. axb3 axb3 26. Bh3 bxc2 27. Bxf5
Qxf5 28. Nxd6 Qc5 29. Re7+ Nxe7 30. Qxe7+ Kg8 31. Qe6+ Kh8 32. Rxc2 Qh5 33. Rf2
Qh4 34. Nf7+ Kg7 35. Ng5 Rb7 36. Qe5+ Kh6 37. Rf3 Rf5 38. Qxd4 Qe1+ 39. Kg2
Qe2+ 40. Kg1 Qd1+ 41. Kg2 Qc2+ 42. Rf2 Qc6+ 43. Rf3 Rfb5 44. b4 Rd7 45. Qh8 Rf5
46. Kg3 Qf6 47. Qc8 Rfd5 48. Ne4 Qd8 49. Qxd8 Rxd8 50. Nf2 Rb5 51. Re3 Rd7 52.
Ng4+ Kg7 53. Ne5 Re7 54. Re4 Rb6 55. Rc4 Reb7 56. Kf3 Rxb4 57. Ke4 Rb2 58. d4
Rxh2 59. d5 Rd2 60. Rc6 Rb4+ 61. Nc4 h5 62. d6 h4 63. Ke3 Rd5 64. Ne5 h3 65. d7
h2 66. Rc1 g5 67. Nc6 gxf4+ 68. Kf3 Rbd4 0-1

[Event "Tradewise Gibraltar Chess Festival 2013"]
[Site "Gibraltar ENG"]
[Date "2013.01.25"]
[Round "4.68"]
[White "Bryn, Askild"]
[Black "Scharrer, Patrick"]
[Result "0-1"]
[WhiteElo "2019"]
[BlackElo "2248"]
[PlyCount "64"]
[EventDate "2013.01.22"]
[EventType "swiss"]
[EventRounds "10"]
[EventCountry "ENG"]
[Source "lmi"]
[SourceDate "2013.01.22"]

1. e4 c5 2. Nf3 e6 3. c3 Nf6 4. d3 b6 5. g3 Bb7 6. Bg2 d6 7. O-O Nbd7 8. Nbd2
Qc7 9. Re1 Be7 10. b3 O-O 11. Bb2 Rac8 12. Rc1 b5 13. c4 b4 14. d4 cxd4 15.
Nxd4 Qb6 16. h3 Nc5 17. Qe2 Rfe8 18. Kh2 Bf8 19. Rcd1 e5 20. Nc2 a5 21. f3 a4
22. Ne3 Ra8 23. Bf1 axb3 24. axb3 Ra2 25. Rb1 g6 26. Bg2 h5 27. h4 Bh6 28. Bc1
Rea8 29. Bb2 Ncxe4 30. Nxe4 Bxe4 31. Nd5 Nxd5 32. cxd5 Bxb1 0-1

[Event "Tradewise Gibraltar Chess Festival 2013"]
[Site "Gibraltar ENG"]
[Date "2013.01.25"]
[Round "4.69"]
[White "Nazarenus, Moritz"]
[Black "Onabogun, Kolade"]
[Result "1/2-1/2"]
[WhiteElo "2248"]
[BlackElo "1978"]
[PlyCount "104"]
[EventDate "2013.01.22"]
[EventType "swiss"]
[EventRounds "10"]
[EventCountry "ENG"]
[Source "lmi"]
[SourceDate "2013.01.22"]

1. d4 Nf6 2. c4 g6 3. Nc3 Bg7 4. e4 d6 5. f3 a6 6. Be3 O-O 7. Nge2 Nbd7 8. Ng3
h5 9. Be2 c5 10. O-O Qc7 11. d5 e6 12. a4 exd5 13. cxd5 Ne5 14. Qd2 Nh7 15.
Rac1 h4 16. Nh1 Qe7 17. f4 Ng4 18. Bxg4 Bxg4 19. Nf2 Bd7 20. e5 dxe5 21. d6 Qd8
22. fxe5 Bxe5 23. Bxc5 Qg5 24. Qxg5 Nxg5 25. Nd3 Bg7 26. Nd5 h3 27. gxh3 Nxh3+
28. Kg2 Ng5 29. Ne7+ Kh7 30. Rf4 Ne6 31. Rh4+ Bh6 32. Ne5 Nxc5 33. Rxc5 Be6 34.
Rc7 Kg7 35. Rxb7 Bg5 36. Rd4 Bf6 37. N7c6 Rfc8 38. Rd2 Bxe5 39. Nxe5 Rc5 40.
Nf3 Rd5 41. Rb6 Rf5 42. Kg3 Kf6 43. h4 Ra5 44. b3 Rc5 45. Rd3 a5 46. Ng5 Bd5
47. Kf4 Rh8 48. Rb5 Rxb5 49. axb5 Bb7 50. Ne4+ Bxe4 51. Kxe4 Ke6 52. Rh3 Kxd6
1/2-1/2

[Event "Tradewise Gibraltar Chess Festival 2013"]
[Site "Gibraltar ENG"]
[Date "2013.01.25"]
[Round "4.71"]
[White "Rujan, Rodel-Marinel"]
[Black "Bird, Andrew"]
[Result "1/2-1/2"]
[WhiteElo "1759"]
[BlackElo "2223"]
[PlyCount "116"]
[EventDate "2013.01.22"]
[EventType "swiss"]
[EventRounds "10"]
[EventCountry "ENG"]
[Source "lmi"]
[SourceDate "2013.01.22"]

1. c4 e5 2. g3 c6 3. d4 Bb4+ 4. Bd2 Bxd2+ 5. Qxd2 d6 6. Nc3 Nf6 7. Bg2 O-O 8.
Rd1 Qe7 9. e4 Bg4 10. f3 Be6 11. b3 exd4 12. Qxd4 d5 13. e5 Nfd7 14. cxd5 cxd5
15. f4 Nc6 16. Nxd5 Bxd5 17. Qxd5 Rfd8 18. Qd6 Qe8 19. Bxc6 bxc6 20. Nf3 Nf8
21. Qc5 Rxd1+ 22. Kxd1 Ne6 23. Qc4 c5 24. Ke2 Rb8 25. Rd1 h6 26. Kf2 Rb4 27.
Qa6 c4 28. f5 Nf8 29. Qa5 Rb5 30. Qa4 cxb3 31. Rd5 bxa2 32. Qxa2 Rb7 33. g4 Qb8
34. Qa5 Nd7 35. h3 Rb2+ 36. Kg3 Nb6 37. Rb5 Rc2 38. Rc5 Rxc5 39. Qxc5 Nd7 40.
Qe7 Nf8 41. g5 hxg5 42. Nxg5 Qb3+ 43. Kf4 Qa4+ 44. Ke3 Qb3+ 45. Kf4 Qa4+ 46.
Ke3 Qd7 47. Qxd7 Nxd7 48. e6 fxe6 49. Nxe6 Kf7 50. Kd4 Nf8 51. Nf4 Nh7 52. Kc5
Ng5 53. Kb5 Ne4 54. Nh5 Nd6+ 55. Ka6 Nc8 56. Ka5 Kg8 57. Ka6 Kh7 58. f6 gxf6
1/2-1/2

[Event "Tradewise Gibraltar Chess Festival 2013"]
[Site "Gibraltar ENG"]
[Date "2013.01.25"]
[Round "4.72"]
[White "Zygouris, Hristos"]
[Black "Becham, Khalid"]
[Result "1/2-1/2"]
[WhiteElo "2218"]
[BlackElo "1929"]
[PlyCount "103"]
[EventDate "2013.01.22"]
[EventType "swiss"]
[EventRounds "10"]
[EventCountry "ENG"]
[Source "lmi"]
[SourceDate "2013.01.22"]

1. Nf3 Nf6 2. c4 e6 3. g3 d5 4. Bg2 c6 5. O-O Nbd7 6. b3 Bd6 7. Bb2 O-O 8. d3
b6 9. Nbd2 Qe7 10. a3 Bb7 11. Nd4 Rac8 12. b4 c5 13. Nb5 Bb8 14. bxc5 Nxc5 15.
a4 a6 16. Nd4 Rfd8 17. cxd5 Bxd5 18. Bxd5 Rxd5 19. Nc4 Qd8 20. Nf3 Nxd3 21.
exd3 Rxc4 22. dxc4 Rxd1 23. Rfxd1 Qc8 24. Rd3 h6 25. Rad1 Kh7 26. Rd8 Qxc4 27.
Nh4 Ne4 28. Rc1 Qe2 29. Bd4 e5 30. Be3 Bd6 31. Rcc8 g5 32. Rh8+ Kg7 33. Nf5+
Kg6 34. Nxd6 Nxd6 35. Rcg8+ Kf5 36. Rxh6 f6 37. h3 Nc4 38. g4+ Ke4 39. Rxf6
Nxe3 40. fxe3 Qxe3+ 41. Kg2 Qd2+ 42. Rf2 Qd5 43. Rxg5 Ke3+ 44. Kg3 Qd4 45. Rff5
e4 46. Rg6 Ke2 47. Re6 b5 48. a5 b4 49. Rb6 Qd3+ 50. Kg2 b3 51. Rf2+ Kd1 52.
Rb2 1/2-1/2

[Event "Tradewise Gibraltar Chess Festival 2013"]
[Site "Gibraltar ENG"]
[Date "2013.01.25"]
[Round "4.73"]
[White "Telljohann, Sven"]
[Black "Havik, Victor"]
[Result "1-0"]
[WhiteElo "2423"]
[BlackElo "2094"]
[PlyCount "81"]
[EventDate "2013.01.22"]
[EventType "swiss"]
[EventRounds "10"]
[EventCountry "ENG"]
[Source "lmi"]
[SourceDate "2013.01.22"]

1. Nf3 c5 2. g3 Nc6 3. Bg2 e5 4. c4 g6 5. Nc3 Bg7 6. a3 Nge7 7. Rb1 a5 8. O-O
d6 9. Ne1 Be6 10. Nd5 O-O 11. Nc2 Rb8 12. b4 b5 13. Nxe7+ Nxe7 14. cxb5 axb4
15. axb4 Rxb5 16. d3 Qc7 17. Bd2 cxb4 18. Nxb4 Qd7 19. Rc1 d5 20. Na6 Rc8 21.
Rxc8+ Qxc8 22. Qa4 Bd7 23. Nb4 h5 24. Bg5 Nf5 25. Rc1 Qb7 26. Nxd5 Rxd5 27. Qc4
Be6 28. Bxd5 Bxd5 29. Qc8+ Kh7 30. Qxb7 Bxb7 31. Rc7 Bd5 32. e4 Be6 33. exf5
Bxf5 34. Rxf7 Kg8 35. Ra7 Bxd3 36. Bd2 e4 37. Rc7 Be5 38. Rc6 Kf7 39. Bc3 Bxc3
40. Rxc3 Kf6 41. f4 1-0

[Event "Tradewise Gibraltar Chess Festival 2013"]
[Site "Gibraltar ENG"]
[Date "2013.01.25"]
[Round "4.74"]
[White "Mckenna, Jason P"]
[Black "Sanchez Ibern, Marc"]
[Result "0-1"]
[WhiteElo "2110"]
[BlackElo "2356"]
[PlyCount "40"]
[EventDate "2013.01.22"]
[EventType "swiss"]
[EventRounds "10"]
[EventCountry "ENG"]
[Source "lmi"]
[SourceDate "2013.01.22"]

1. e4 c5 2. Nf3 d6 3. d4 Nf6 4. Nc3 cxd4 5. Nxd4 Nc6 6. Bc4 e6 7. Be3 Be7 8.
Qe2 Bd7 9. O-O-O Rc8 10. Bb3 Na5 11. g4 Rxc3 12. bxc3 Nxe4 13. Kb2 d5 14. Bf4
Qb6 15. Qe1 O-O 16. Rd3 Rc8 17. Be3 Nc5 18. Rd1 Nc4+ 19. Ka1 Nxe3 20. Qxe3 Qa5
0-1

[Event "Tradewise Gibraltar Chess Festival 2013"]
[Site "Gibraltar ENG"]
[Date "2013.01.25"]
[Round "4.75"]
[White "Mueller, Hans-Dieter"]
[Black "Lyell, Mark"]
[Result "1-0"]
[WhiteElo "2087"]
[BlackElo "2235"]
[PlyCount "49"]
[EventDate "2013.01.22"]
[EventType "swiss"]
[EventRounds "10"]
[EventCountry "ENG"]
[Source "lmi"]
[SourceDate "2013.01.22"]

1. f4 e5 2. fxe5 d6 3. exd6 Bxd6 4. Nf3 Nf6 5. d4 Bg4 6. e3 c6 7. Be2 Qc7 8.
Nbd2 Nbd7 9. Nc4 O-O-O 10. Nxd6+ Qxd6 11. O-O h5 12. Ng5 Qd5 13. e4 Nxe4 14.
Nxf7 Rde8 15. Nxh8 Nc3 16. Bf3 Bxf3 17. Qxf3 Ne2+ 18. Kh1 Qc4 19. Nf7 Re6 20.
Qd3 Qd5 21. c4 Qa5 22. Bd2 Qb6 23. Rae1 Nxd4 24. Rxe6 Nxe6 25. b3 1-0

[Event "Tradewise Gibraltar Chess Festival 2013"]
[Site "Gibraltar ENG"]
[Date "2013.01.25"]
[Round "4.77"]
[White "Stewart, Ashley"]
[Black "Spence, David J"]
[Result "0-1"]
[WhiteElo "2040"]
[BlackElo "2226"]
[PlyCount "82"]
[EventDate "2013.01.22"]
[EventType "swiss"]
[EventRounds "10"]
[EventCountry "ENG"]
[Source "lmi"]
[SourceDate "2013.01.22"]

1. c4 c5 2. g3 Nc6 3. Bg2 g6 4. Nc3 Bg7 5. Nf3 e5 6. O-O Nge7 7. a3 O-O 8. Rb1
a5 9. Ne1 d6 10. Nc2 Be6 11. Ne3 f5 12. Ned5 Rb8 13. d3 h6 14. Bd2 Kh7 15. b4
axb4 16. axb4 cxb4 17. Nxb4 Nxb4 18. Rxb4 Nc6 19. Rb1 e4 20. dxe4 Bxc4 21. exf5
Rxf5 22. Be4 Rh5 23. Qc2 Qe8 24. Bf3 Nd4 25. Qe4 Nxf3+ 26. Qxf3 b5 27. Rfe1 Qe6
28. h4 Rf8 29. Qg2 Re8 30. Rbc1 b4 31. Nd1 b3 32. Ne3 d5 33. Rb1 b2 34. Nd1 Rb8
35. Nc3 d4 36. Nd1 Rhb5 37. e3 Bd5 38. Qf1 Qe4 39. f3 Qxb1 40. Nc3 Qxe1 41.
Qxe1 dxc3 0-1

[Event "Tradewise Gibraltar Chess Festival 2013"]
[Site "Gibraltar ENG"]
[Date "2013.01.25"]
[Round "4.78"]
[White "Valgmae, Toomas"]
[Black "Reuben, Stewart"]
[Result "1-0"]
[WhiteElo "2218"]
[BlackElo "2054"]
[PlyCount "85"]
[EventDate "2013.01.22"]
[EventType "swiss"]
[EventRounds "10"]
[EventCountry "ENG"]
[Source "lmi"]
[SourceDate "2013.01.22"]

1. d4 Nf6 2. c4 e6 3. Nf3 c5 4. Nc3 d5 5. cxd5 Nxd5 6. e4 Nxc3 7. bxc3 cxd4 8.
cxd4 Nc6 9. Bc4 b5 10. Be2 Bb4+ 11. Bd2 Qa5 12. d5 exd5 13. exd5 Ne7 14. d6 Nf5
15. O-O Bxd2 16. Nxd2 O-O 17. Ne4 Bb7 18. Nc5 Bc6 19. Qd3 Nh4 20. g3 Ng6 21. f4
Rfd8 22. Rfd1 Ne7 23. Rac1 Nd5 24. d7 Nf6 25. Bf3 Qb6 26. Bxc6 Qxc6 27. Qe2 h6
28. Qe7 b4 29. Rd6 Qf3 30. Rf1 Qc3 31. Nb7 Qc7 32. Nxd8 Rxd8 33. Rfd1 Qc5+ 34.
Kg2 Qc2+ 35. R1d2 Qe4+ 36. Qxe4 Nxe4 37. Rc6 Kf8 38. Rd4 f5 39. Rc8 Ke7 40.
Rxd8 Kxd8 41. Rxb4 Nd6 42. Ra4 Nb5 43. Ra5 1-0

[Event "Tradewise Gibraltar Chess Festival 2013"]
[Site "Gibraltar ENG"]
[Date "2013.01.25"]
[Round "4.79"]
[White "Lind, Jan-Olof"]
[Black "Thornton, John D"]
[Result "1-0"]
[WhiteElo "2217"]
[BlackElo "2053"]
[PlyCount "59"]
[EventDate "2013.01.22"]
[EventType "swiss"]
[EventRounds "10"]
[EventCountry "ENG"]
[Source "lmi"]
[SourceDate "2013.01.22"]

1. e4 e6 2. d3 d5 3. Nd2 Nf6 4. Ngf3 Bc5 5. e5 Nfd7 6. g3 Nc6 7. Nb3 Bb6 8. d4
f6 9. exf6 Nxf6 10. Bg2 O-O 11. O-O Na5 12. Nxa5 Bxa5 13. Bd2 c6 14. Bxa5 Qxa5
15. Ne5 Nd7 16. Nd3 Qc7 17. Re1 Rf6 18. Bh3 Nf8 19. Ne5 c5 20. c3 Qb6 21. Qd2
cxd4 22. cxd4 Bd7 23. Rac1 Be8 24. Re3 Ng6 25. Rb3 Qd6 26. Nxg6 Bxg6 27. Rxb7
e5 28. Rcc7 Raf8 29. Rxg7+ Kh8 30. Qh6 1-0

[Event "Tradewise Gibraltar Chess Festival 2013"]
[Site "Gibraltar ENG"]
[Date "2013.01.25"]
[Round "4.80"]
[White "Fairbairn, Stephen"]
[Black "Marttala, Thomas"]
[Result "1-0"]
[WhiteElo "2021"]
[BlackElo "2217"]
[PlyCount "101"]
[EventDate "2013.01.22"]
[EventType "swiss"]
[EventRounds "10"]
[EventCountry "ENG"]
[Source "lmi"]
[SourceDate "2013.01.22"]

1. d4 Nf6 2. Nf3 g6 3. Nc3 d5 4. Bf4 Bg7 5. e3 O-O 6. Be2 c5 7. Ne5 Nc6 8. O-O
cxd4 9. exd4 Bf5 10. Nxc6 bxc6 11. Na4 Nd7 12. c3 e5 13. dxe5 Nxe5 14. Re1 Re8
15. Nc5 a5 16. Qd2 a4 17. b3 a3 18. Rac1 Ra7 19. Be3 Qb8 20. h3 Qa8 21. Bd4
Rae7 22. Na4 Nd3 23. Bxd3 Rxe1+ 24. Rxe1 Rxe1+ 25. Qxe1 Bxd3 26. Bxg7 Kxg7 27.
Nc5 Bf5 28. g4 Qf8 29. Qe3 Bc8 30. b4 Qd6 31. Qd4+ f6 32. Nd3 Qe7 33. Kf1 Ba6
34. Kg2 Qe4+ 35. Qxe4 dxe4 36. Ne1 h5 37. Nc2 Bc4 38. Nxa3 Bxa2 39. Kg3 g5 40.
h4 Kg6 41. hxg5 fxg5 42. gxh5+ Kxh5 43. c4 Kg6 44. b5 cxb5 45. cxb5 Kf5 46. b6
Bd5 47. Nc4 Ke6 48. Na5 Ke5 49. b7 Bxb7 50. Nxb7 Kd4 51. Nd6 1-0

[Event "Tradewise Gibraltar Chess Festival 2013"]
[Site "Gibraltar ENG"]
[Date "2013.01.25"]
[Round "4.81"]
[White "Ungureanu, Sandu"]
[Black "Urbina Perez, Juan Antonio"]
[Result "1-0"]
[WhiteElo "2019"]
[BlackElo "2214"]
[PlyCount "87"]
[EventDate "2013.01.22"]
[EventType "swiss"]
[EventRounds "10"]
[EventCountry "ENG"]
[Source "lmi"]
[SourceDate "2013.01.22"]

1. e4 e5 2. Nf3 Nc6 3. Bc4 Bc5 4. O-O Nf6 5. d3 a6 6. c3 Ba7 7. b4 d6 8. h3 h6
9. a4 Ne7 10. Be3 Ng6 11. Qd2 Bxe3 12. fxe3 O-O 13. Na3 Qe7 14. a5 Be6 15. Bxe6
fxe6 16. c4 d5 17. exd5 exd5 18. cxd5 e4 19. dxe4 Qxe4 20. Rad1 Rad8 21. Qd3
Rfe8 22. Nc2 Rxd5 23. Qxe4 Rxe4 24. Rd4 Rdxd4 25. Nfxd4 Nd5 26. Rf3 Ne5 27. Rg3
Kh7 28. Ne6 g5 29. Rxg5 Nxe3 30. Rg7+ Kh8 31. Nxe3 Rxe3 32. Rxc7 Re1+ 33. Kh2
Nc6 34. Nc5 Nxb4 35. Rxb7 Re5 36. Nd7 Rb5 37. Rxb5 axb5 38. Nc5 Nc6 39. a6 Kg7
40. Kg3 Kf6 41. Kf4 Ke7 42. g4 Kd6 43. Nd3 Kc7 44. Kf5 1-0

[Event "Tradewise Gibraltar Chess Festival 2013"]
[Site "Gibraltar ENG"]
[Date "2013.01.25"]
[Round "4.82"]
[White "Sanchez Castillo, Sarai"]
[Black "Tuchtfeld, Juergen"]
[Result "1-0"]
[WhiteElo "2212"]
[BlackElo "2051"]
[PlyCount "87"]
[EventDate "2013.01.22"]
[EventType "swiss"]
[EventRounds "10"]
[EventCountry "ENG"]
[Source "lmi"]
[SourceDate "2013.01.22"]

1. e4 c6 2. d4 d5 3. Nc3 dxe4 4. Nxe4 Bf5 5. Ng3 Bg6 6. h4 h6 7. Nf3 Nd7 8. Bd3
Bxd3 9. Qxd3 Qc7 10. Bd2 e6 11. O-O-O Ngf6 12. Kb1 O-O-O 13. Ne4 Nxe4 14. Qxe4
Bd6 15. c4 c5 16. Qc2 cxd4 17. Nxd4 a6 18. Rh3 Kb8 19. Nb3 Nc5 20. Ba5 b6 21.
Bc3 Nxb3 22. axb3 Be5 23. Rhd3 Kc8 24. c5 bxc5 25. b4 Rxd3 26. Qxd3 c4 27. Qe4
Bxc3 28. Qa8+ Qb8 29. Qxa6+ Qb7 30. Qxc4+ Kb8 31. bxc3 Rc8 32. Qf4+ Qc7 33.
Qxc7+ Rxc7 34. Kb2 e5 35. Kb3 f5 36. Rd8+ Kb7 37. Rf8 g6 38. h5 Rc6 39. hxg6
Rxg6 40. Rxf5 Rxg2 41. Rxe5 Rxf2 42. Re7+ Kc8 43. Rh7 Rh2 44. b5 1-0

[Event "Tradewise Gibraltar Chess Festival 2013"]
[Site "Gibraltar ENG"]
[Date "2013.01.25"]
[Round "4.83"]
[White "Spanton, Tim R"]
[Black "Aerni, Andreas"]
[Result "1-0"]
[WhiteElo "2017"]
[BlackElo "2206"]
[PlyCount "53"]
[EventDate "2013.01.22"]
[EventType "swiss"]
[EventRounds "10"]
[EventCountry "ENG"]
[Source "lmi"]
[SourceDate "2013.01.22"]

1. d4 Nf6 2. Nc3 d5 3. Bg5 g6 4. e3 Bg7 5. Bd3 O-O 6. Nf3 c5 7. O-O Nc6 8. h3
Qa5 9. Bxf6 Bxf6 10. Nxd5 Bg7 11. c4 Rd8 12. a3 Rd7 13. b4 Qd8 14. bxc5 e5 15.
Bc2 Ne7 16. Bb3 e4 17. Nd2 Nxd5 18. cxd5 Re7 19. d6 Re8 20. Ba4 Re6 21. Qc2 g5
22. d7 Bxd7 23. Bxd7 Qxd7 24. Nxe4 Rg6 25. Ng3 h5 26. Nxh5 g4 27. h4 1-0

[Event "Tradewise Gibraltar Chess Festival 2013"]
[Site "Gibraltar ENG"]
[Date "2013.01.25"]
[Round "4.84"]
[White "Tscharotschkin, Michael"]
[Black "Zanetti, Bruno"]
[Result "1-0"]
[WhiteElo "2200"]
[BlackElo "2030"]
[PlyCount "73"]
[EventDate "2013.01.22"]
[EventType "swiss"]
[EventRounds "10"]
[EventCountry "ENG"]
[Source "lmi"]
[SourceDate "2013.01.22"]

1. d4 d5 2. Nf3 e6 3. c4 c6 4. e3 f5 5. Bd3 Nf6 6. O-O Be7 7. b3 O-O 8. Ba3 Ne4
9. Bxe7 Qxe7 10. Ne5 Nd7 11. Nxd7 Bxd7 12. f3 Nd6 13. c5 Nf7 14. f4 b6 15. cxb6
axb6 16. Nd2 Ra3 17. Qc2 Rfa8 18. Nb1 R3a5 19. Nc3 c5 20. Ne2 Nd6 21. Rfc1 Rc8
22. dxc5 bxc5 23. Qd2 Ra7 24. Nc3 c4 25. bxc4 Nxc4 26. Bxc4 Rxc4 27. Ne2 Rxc1+
28. Rxc1 Bb5 29. Rc8+ Kf7 30. Nd4 Bd7 31. Rh8 Qa3 32. Nf3 Rb7 33. h3 h6 34.
Ne5+ Ke7 35. Rg8 Rb2 36. Rxg7+ Kf8 37. Qd4 1-0

[Event "Tradewise Gibraltar Chess Festival 2013"]
[Site "Gibraltar ENG"]
[Date "2013.01.25"]
[Round "4.85"]
[White "Baeza Escudero, Javier"]
[Black "Veltkamp, Gerben"]
[Result "1-0"]
[WhiteElo "2009"]
[BlackElo "2200"]
[PlyCount "83"]
[EventDate "2013.01.22"]
[EventType "swiss"]
[EventRounds "10"]
[EventCountry "ENG"]
[Source "lmi"]
[SourceDate "2013.01.22"]

1. d4 d5 2. c4 dxc4 3. e3 e5 4. Bxc4 exd4 5. exd4 Nf6 6. Nf3 Bb4+ 7. Nc3 O-O 8.
O-O Bg4 9. a3 Bd6 10. Bg5 Nbd7 11. Qd3 c6 12. Bb3 Nc5 13. dxc5 Bxh2+ 14. Nxh2
Qxd3 15. Bxf6 Bh5 16. Bg5 Rae8 17. Rfe1 Qd7 18. Nf1 h6 19. Be3 Re5 20. Ng3 Rfe8
21. Nxh5 Rxh5 22. Rad1 Qg4 23. Ne2 Qh4 24. Ng3 Qh2+ 25. Kf1 Rhe5 26. Bd2 h5 27.
Rxe5 Rxe5 28. Bc3 Re8 29. Rd7 Rf8 30. Ne2 h4 31. Ng1 Qf4 32. Nh3 Qf5 33. Rd4
Qb1+ 34. Rd1 Qf5 35. Kg1 g5 36. Rd6 Kh7 37. Rf6 Qb1+ 38. Kh2 Qc1 39. f4 Rg8 40.
Rxf7+ Kh6 41. Rf6+ Rg6 42. fxg5+ 1-0

[Event "Tradewise Gibraltar Chess Festival 2013"]
[Site "Gibraltar ENG"]
[Date "2013.01.25"]
[Round "4.86"]
[White "Sanchez Botella, Luis Javier"]
[Black "Hamer, Martyn"]
[Result "1-0"]
[WhiteElo "2196"]
[BlackElo "2025"]
[PlyCount "87"]
[EventDate "2013.01.22"]
[EventType "swiss"]
[EventRounds "10"]
[EventCountry "ENG"]
[Source "lmi"]
[SourceDate "2013.01.22"]

1. g3 Nf6 2. Bg2 d5 3. Nf3 c5 4. d3 g6 5. Nbd2 Bg7 6. O-O Nc6 7. e4 O-O 8. c3
e5 9. Re1 d4 10. Qe2 Ne8 11. a4 Nd6 12. Nh4 Be6 13. c4 Na5 14. b3 a6 15. Ba3
Qc7 16. b4 cxb4 17. Bxb4 Nc6 18. Ba3 Rfc8 19. f4 f6 20. f5 Bf7 21. fxg6 hxg6
22. Rab1 Rab8 23. Bh3 Rd8 24. Qg4 Ne7 25. Nb3 b6 26. c5 bxc5 27. Nxc5 Rxb1 28.
Rxb1 Rb8 29. Rxb8+ Qxb8 30. Qd7 Nec8 31. Nxa6 Qb6 32. Nb4 Be8 33. Qe6+ Kh7 34.
Qg4 Qc5 35. Qd1 Qc3 36. Qc1 Qxc1+ 37. Bxc1 Bxa4 38. Nd5 Bc2 39. Bf1 f5 40. exf5
gxf5 41. Nb4 Bb3 42. Bh3 Be6 43. Nf3 Nb6 44. Ng5+ 1-0

[Event "Tradewise Gibraltar Chess Festival 2013"]
[Site "Gibraltar ENG"]
[Date "2013.01.25"]
[Round "4.87"]
[White "Taus, Martin"]
[Black "Iasman, Inna"]
[Result "1-0"]
[WhiteElo "2181"]
[BlackElo "2019"]
[PlyCount "87"]
[EventDate "2013.01.22"]
[EventType "swiss"]
[EventRounds "10"]
[EventCountry "ENG"]
[Source "lmi"]
[SourceDate "2013.01.22"]

1. e4 c6 2. d4 d5 3. exd5 cxd5 4. c4 Nf6 5. Nc3 e6 6. Nf3 Nc6 7. c5 Be7 8. Bb5
Bd7 9. Bxc6 Bxc6 10. Ne5 O-O 11. b4 Nd7 12. Bf4 Nxe5 13. Bxe5 Qe8 14. Qg4 g6
15. a4 a6 16. O-O Bd7 17. Qg3 h5 18. Rfe1 Rc8 19. h3 h4 20. Qd3 f6 21. Bh2 Qf7
22. Qf3 Rfe8 23. b5 a5 24. Re2 Bf8 25. Rae1 g5 26. c6 bxc6 27. b6 c5 28. b7 Rb8
29. Nxd5 exd5 30. Rxe8 Rxb7 31. Rxf8+ Kxf8 32. Bd6+ Kg8 33. Re7 Be6 34. Rxf7
Kxf7 35. Qh5+ Kg7 36. Qe8 Bf7 37. Qf8+ Kg6 38. dxc5 d4 39. Qa8 Bd5 40. Qe8+ Kf5
41. c6 Rb1+ 42. Kh2 Be6 43. Qh5 Re1 44. Qh7# 1-0

[Event "Tradewise Gibraltar Chess Festival 2013"]
[Site "Gibraltar ENG"]
[Date "2013.01.25"]
[Round "4.88"]
[White "Meyer, Kai-Christian"]
[Black "Hackner, Oskar A"]
[Result "1-0"]
[WhiteElo "2177"]
[BlackElo "2015"]
[PlyCount "133"]
[EventDate "2013.01.22"]
[EventType "swiss"]
[EventRounds "10"]
[EventCountry "ENG"]
[Source "lmi"]
[SourceDate "2013.01.22"]

1. d4 Nf6 2. Nf3 e6 3. g3 c5 4. Bg2 Nc6 5. O-O d5 6. b3 cxd4 7. Nxd4 Bc5 8.
Nxc6 bxc6 9. c4 O-O 10. Nc3 Ba6 11. Na4 Be7 12. cxd5 cxd5 13. Bf3 Bb5 14. Nc3
Bc6 15. Bb2 Rc8 16. Qd3 Qb6 17. Rac1 Rfd8 18. Qb1 e5 19. Bg2 Bc5 20. e3 d4 21.
exd4 Bxg2 22. Kxg2 Bxd4 23. Na4 Qb7+ 24. Kg1 Ne4 25. Rxc8 Rxc8 26. Bxd4 Nd2 27.
Qd1 Nxf1 28. Bxe5 Qe4 29. Bf4 Nxh2 30. Kxh2 h6 31. Be3 a5 32. Nc5 Qf5 33. Qd7
Rxc5 34. Qe8+ Kh7 35. Bxc5 Qxc5 36. Qxf7 Qc2 37. a3 Qc5 38. a4 Qc2 39. Kg2 Qc6+
40. Qf3 Qc2 41. Qd5 Qc3 42. Qe4+ Kh8 43. Qc4 Qd2 44. Qc5 Qe1 45. Qd4 Qe7 46.
Kf1 Kh7 47. Qc3 Qd8 48. b4 Qd1+ 49. Qe1 Qf3 50. Kg1 axb4 51. Qxb4 Qd1+ 52. Kh2
Qh5+ 53. Qh4 Qf3 54. Qf4 Qh5+ 55. Kg2 Qd5+ 56. Qf3 Qa5 57. Qe4+ Kg8 58. Qe8+
Kh7 59. Qb5 Qa8+ 60. Kg1 Qe4 61. a5 Qe1+ 62. Kg2 Qe4+ 63. Kh2 Qe1 64. Qf5+ Kg8
65. a6 Qe7 66. Qc8+ Kh7 67. Qb7 1-0